| 000 | 01257cam a22003012 b4500 | ||
|---|---|---|---|
| 001 | 9728629 | ||
| 005 | 20170105102354.0 | ||
| 006 | m d | ||
| 007 | cr n | ||
| 008 | 110831s2011uuuuxxk s|||||||| ||eng|d | ||
| 020 | _a9781849681896 | ||
| 020 |
_a1849681899 (EBook) _cUSD 49.49 Retail Price (ebrary, Incorporated) |
||
| 024 | 3 | _a9781849681896 | |
| 035 | _a(WaSeSS)ssj0000524615 | ||
| 037 | _b01201872 | ||
| 040 |
_aBIP US _dWaSeSS |
||
| 100 | 1 |
_aVesterli, Sten E. _eAuthor |
|
| 210 | 1 | 0 | _aOracle Adf Enterprise Application Development Made Simple |
| 245 | 1 | 0 |
_aOracle Adf Enterprise Application Development Made Simple _bSuccessfully plan, develop, test, and deploy enterprise applications with Oracle ADF _cVesterli, Sten E. |
| 260 |
_aBirmingham : _bPackt Publishing, Limited _cJan. 2011 _aPalo Alto : _bebrary, Incorporated [Distributor] |
||
| 300 |
_axi, 388 p. _bill.; _c25 cm. |
||
| 501 | _aIncludes index. | ||
| 506 | _aLicense restrictions may limit access. | ||
| 773 | 0 | _tSafari Technical Books (Current File) | |
| 856 | 4 | 0 |
_uhttp://www.columbia.edu/cgi-bin/cul/resolve?clio9728629 _zFull text available from Safari Technical Books (Current File) |
| 910 | _aBowker Global Books in Print record | ||
| 942 |
_2ddc _cBK |
||
| 999 |
_c12085 _d12085 |
||